| 000 | 01145nam a2200349 c 4500 | ||
|---|---|---|---|
| 003 | BLK | ||
| 005 | 20250122142553.0 | ||
| 008 | 180408b bul|||||r ||||||| ||bul|| | ||
| 010 | _aKNG00041401000 | ||
| 040 | _aBLK | ||
| 041 |
_aesp _cDRU |
||
| 072 | 7 |
_2bullib _aК _xКраезнание |
|
| 080 |
_aЕсперанто _b811.922 _x(497.2) _z811.922(497.2) |
||
| 139 |
_aAlbumo de bulgaraj geesperantistoj _bA 30 |
||
| 245 | 1 | 0 | _aAlbumo de bulgaraj geesperantistoj |
| 260 |
_аRuse _bDimitr Petrof _c1929 |
||
| 300 |
_a146 c _bс портр., к., ил. _c15X23 cm |
||
| 380 | _a80 | ||
| 650 | 4 |
_aЕсперанто - България - дейци _9276042 |
|
| 650 | 4 |
_aЕсперанто - България - учреждения и организации _9271767 |
|
| 651 | 4 |
_aБългария _9241624 |
|
| 653 | _aесперанто | ||
| 653 | _aесперантско движение | ||
| 653 | _aдейци | ||
| 659 | _aК | ||
| 852 | _aЦб І 26673 | ||
| 856 | 4 |
_qpdf _u |
|
| 856 | 4 |
_qpdf _u |
|
| 942 |
_cKNG _n0 _01 |
||
| 944 |
_aCR _c15.01.2003 _k30558 _lВаля Йорданова |
||
| 944 |
_aED _c10.08.2015 _kВаля_Йорданова |
||
| 999 |
_c38197 _d38197 |
||